Maiores Cidades de Roraima - Statistics

Estatísticas Gerais
  • Esse quiz foi jogado 232 vezes
  • A pontuação média é 6 de 10
Respostas no mapa
Respostas codificadas por cores de uma escala verde-vermelha no mapa do quiz de acordo com a % correta abaixo.
 
Estatísticas das Respostas
População Município % Correto
419.652 Boa Vista
100%
18.913 Pacaraima
73%
30.782 Rorainópolis
73%
22.283 Caracaraí
64%
12.557 Bonfim
55%
15.380 Alto Alegre
52%
18.172 Mucajaí
50%
18.799 Cantá
48%
12.296 Iracema
46%
13.185 Amajari
43%
Nenhum quiz correspondente encontrado
Distribuição das Pontuações
Porcentagem de Pessoas com Cada Pontuação
Percentil de Números Respondidos
Sua Pontuação Histórica
Você não jogou esse quiz